Brightest Stars Quiz - Part 1 - Statistics

General Stats
  • This quiz has been taken 7 times
  • The average score is 21 of 48
Answer Stats
Hint Answer % Correct
Orion Rigel
100%
Aquila Altair
75%
Scorpius Antares
75%
Cygnus Deneb
75%
Ursa Minor Polaris
75%
Gemini Pollux
75%
Canis Major Sirius
75%
Lyra Vega
75%
Eridanus Achernar
50%
Crux Acrux
50%
Taurus Aldebaran
50%
Ursa Major Alioth
50%
Corona Borealis Alphecca
50%
Andromeda Alpheratz
50%
Bootes Arcturus
50%
Carina Canopus
50%
Auriga Capella
50%
Canes Venatici Cor Caroli
50%
Draco Eltanin
50%
Pegasus Enif
50%
Aries Hamal
50%
Canis Minor Procyon
50%
Leo Regulus
50%
Centaurus Rigil Kentaurus
50%
Virgo Spica
50%
Cepheus Alderamin
25%
Grus Alnair
25%
Hydra Alphard
25%
Pisces Alpherg
25%
Phoenix Ankaa
25%
Lepus Arneb
25%
Triangulum Australe Atria
25%
Capricornus Deneb Algedi
25%
Cetus Diphda
25%
Piscis Austrinus Fomalhaut
25%
Corvus Gienah
25%
Sagittarius Kaus Australis
25%
Hercules Kornephoros
25%
Perseus Mirfak
25%
Puppis Naos
25%
Pavo Peacock
25%
Columba Phact
25%
Ophiuchus Rasalhague
25%
Aquarius Sadalsuud
25%
Cassiopeia Schedar
25%
Cancer Tarf
25%
Serpens Unukalhai
25%
Libra Zubeneschemali
25%
No matching quizzes found
Score Distribution
Percent of People with Each Score
Percentile by Number Answered
Your Score History
You have not taken this quiz